000 00430nam a2200169 a 4500
001 0000-9259
003 ELIB.Books
008 110520 1981
035 _a(ELIB.Books)0000-9411
082 _a248.3
_bChr
100 _aChristenson, Evelyn
245 _aWhat Happens when Women Pray
260 _bWheaton; Victor Books
_c1981
650 _aChristian Life
942 _2ddc
_cBK
998 _cbat
_e2011-05-20
999 _c9259
_d9259